000 00746nam a2200241 a 4500
003 DO-SdBNP
005 20250204110419.0
007 ta
008 220823e2021 dr ||||gr|||| 001 fdspa d
020 _a9789945809794
040 _aDO-SdBNP
_bspa
_cBNPHU
082 4 _222
_bC957s
100 1 _aCruz, Santiago de la,
_d1961-
_975112
245 1 0 _aSi volvieran aquellos años. /
_cSantiago de la Cruz
260 _aSanto Domingo :
_b[s.n.],
_c2021
300 _a88 p. ;
_c23 cm.
500 _aIncluye datos biográficos del autor en la contracubierta.
590 _aInventariado 2022 / MF
650 4 _978304
_a Literatura
_xNovela
_zRepública Dominicana
650 4 _9860
_aNovela histórica dominicana.
910 _aMFeliz
942 _2ddc
_cLBS1
999 _c52302
_d52302